Statistics for # of zeros behind a number

Click here to take the quiz!

General Stats

  • This quiz has been taken 19 times
  • The average score is 31 of 35

Answer Stats

HintAnswer% Correct
Googol100
94%
Trillion12
94%
Quadrillion15
94%
Quintillion18
94%
Hundred2
94%
Sextillion21
94%
Septillion24
94%
Octillion27
94%
Thousand3
94%
Nonillion30
94%
Decillion33
94%
Undecillion36
94%
Duodecillion39
94%
Quattuordecillion45
94%
Million6
94%
Billion9
94%
Tredecillion42
88%
Quindecilion48
88%
Sextendecillion51
88%
Septendecillion54
88%
Octodecillion57
88%
Novemdecillion60
88%
Vigintillion63
88%
Unvigintillion66
88%
Duovigintillion69
81%
Trevigintillion72
81%
Quattuorvigintillion75
81%
Quinvigintillion78
81%
Sexviggintilion81
81%
Sesvigintillion84
75%
Octovigintillion87
75%
Novemvigintillion90
75%
Trigintillion93
75%
Utrigintillion96
75%
Duotrigintillion99
75%

Score Distribution

Percentile by Number Answered

Percent of People with Each Score

Your Score History

You have not taken this quiz